Представление документа в формате RUSMARC

ПолеНазваниеЗначение
  Тип записи a
  Библиографический уровень m
001 Контрольный номер SKBR/86e88adb-28a7-40c4-80de-65d5ed153a3f
005 Дата корректировки 20260504145319.6
010 Индекс ISBN __
a ISBN 978-5-04-201786-5
9 Тираж 2000 экз.
d Цена 699-00
035 Другие системные номера __
a Идентификатор записи RU\NLR\BIBL_A\022407620
100 Данные общей обработки __
a Данные общей обработки 20241210d2024 daey0rusa028902 ca
101 Язык документа 0_
a Язык текста rus
102 Страна публикации __
a Страна публикации RU
105 Кодированные данные (монография) __
a Кодированные данные (монография) a z 000yy
181 Поле кодированных данных: вид содержания _0
a Код вида содержания (ISBD) i
182 Поле кодированных данных: тип средства _0
a Код типа средства (ISBD) n
200 Заглавие и сведения об ответственности 1_
a Заглавие Вырезай как дизайнер. Снежинки-картинки из бумаги
e Сведения, относящиеся к заглавию техника создания уникальных украшений
f Первые сведения об ответственности Анна Зайцева
203 Вид содержания и тип средства __
a Вид содержания Текст
a Вид содержания Изображение
b Характеристика содержания неподвижное
b Характеристика содержания двухмерное
c Тип средства непосредственные
210 Выходные данные 1_
a Место издания Москва
c Издательство Эксмо
d Дата издания 2024
215 Физическое описание __
d Формат 23 см
c Иллюстрации/тип воспроизводства цв. ил.
225 Серия 1_
a Серия Новый год
i Наименование части Книга в подарок
330 Аннотация __
a Аннотация Новогодние снежинки выходят на новый уровень! Теперь можно вырезать не просто абстрактные морозные узоры, а целые сюжеты! Дед Мороз на санях, поиск философского камня или портрет любимого питомца? Как будет выглядеть новогодний декор, зависит только от вашей фантазии. А подробные мастер-классы, пошаговые инструкции и подсказки от автора помогут сделать фантазии реальностью. Они настолько понятны, что справится даже ребенок. Украшайте дом всей семьей, и творческих вам праздников!
333 Примечание о целевом назначении __
a Примечание о целевом назначении 12+. Для детей старше 12 лет
517 Другие варианты заглавия 1_
a Другие варианты заглавия Снежинки-картинки из бумаги
606 Тематические рубрики __
2 Код системы nlr_sh
a Основная рубрика Легкая промышленность
606 Тематические рубрики __
2 Код системы nlr_sh
a Основная рубрика Швейное производство
610 Ключевые слова 0_
a Ключевые слова рукоделие
610 Ключевые слова 0_
a Ключевые слова увлечения
610 Ключевые слова 0_
a Ключевые слова поделки из бумаги
610 Ключевые слова 0_
a Ключевые слова украшение дома
610 Ключевые слова 0_
a Ключевые слова хобби
610 Ключевые слова 0_
a Ключевые слова снежинки
610 Ключевые слова 0_
a Ключевые слова снежинки из бумаги
610 Ключевые слова 0_
a Ключевые слова новогодние снежинки
610 Ключевые слова 0_
a Ключевые слова новогодние украшения
610 Ключевые слова 0_
a Ключевые слова праздничное оформление
686 Индексы других классификаций __
2 Код системы rubbks
a Классификационный индекс 37.248.3; ст37.248.3
700 Автор _1
a Фамилия Зайцева
b Имя А. А.
g Полное личное имя Анна Анатольевна
4 Код отношения 070
801 Источник записи _0
a Страна RU
b Организация NLR
c Дата составления 20241210
g Правила каталогизации PSBO
801 Источник записи _1
a Страна RU
b Организация NLR
c Дата составления 20241210
g Правила каталогизации PSBO
801 Источник записи _2
a Страна RU
b Организация NLR
c Дата составления 20250101
2 Код формата rusmarc
g Правила каталогизации PSBO
852 Данные о местонахождении __
i Авторский знак З-17
j Шифр хранения 37.248.3
900 Макрообъекты __
a Макрообъекты Вырезай как дизайнер. Снежинки-картинки из бумаги, 2024
901 Тип документа __
a Ответственный ООФиК/Волкова
t Тип документа m
901 Тип документа __
a Ответственный 5 партия
903 Характеристики (МАРС) __
a Дата передачи 20260430
c Наименование библиотеки (МАРС) Муниципальное бюджетное учреждение культуры "Централизованная библиотечная система" г. Сургут (Центральная городская библиотека им. А. С. Пушкина)
969 Тип издания __
a Тип издания издание для досуга
990 Данные о заказе (DOS) __
j Количество экземпляров (DOS) 1
t N записи в КСУ для И/У (DOS) 202605